<?xml version="1.0" encoding="UTF-8"?>
<record
    xmlns:xsi="http://www.w3.org/2001/XMLSchema-instance"
    xsi:schemaLocation="http://www.loc.gov/MARC21/slim http://www.loc.gov/standards/marcxml/schema/MARC21slim.xsd"
    xmlns="http://www.loc.gov/MARC21/slim">

  <leader>00576nam a22001937a 4500</leader>
  <controlfield tag="003">OSt</controlfield>
  <controlfield tag="005">20260615100514.0</controlfield>
  <controlfield tag="008">260615b        |||||||| |||| 00| 0 eng d</controlfield>
  <datafield tag="020" ind1=" " ind2=" ">
    <subfield code="a">0-325-00531-1</subfield>
  </datafield>
  <datafield tag="040" ind1=" " ind2=" ">
    <subfield code="c">Chuka University Library</subfield>
  </datafield>
  <datafield tag="050" ind1=" " ind2=" ">
    <subfield code="a">LB 1529 .C35 2003</subfield>
  </datafield>
  <datafield tag="100" ind1=" " ind2=" ">
    <subfield code="a">Calkins Lucy</subfield>
    <subfield code="9">27666</subfield>
  </datafield>
  <datafield tag="245" ind1=" " ind2=" ">
    <subfield code="a">Poetry: Powerful Thoughts in Tiny Packages</subfield>
  </datafield>
  <datafield tag="260" ind1=" " ind2=" ">
    <subfield code="a">Portsmouth </subfield>
    <subfield code="b">Firsthand Heinemann</subfield>
    <subfield code="c">2003</subfield>
  </datafield>
  <datafield tag="300" ind1=" " ind2=" ">
    <subfield code="a">V, 133P</subfield>
    <subfield code="b">Illustrations, Preface</subfield>
  </datafield>
  <datafield tag="650" ind1=" " ind2=" ">
    <subfield code="2">Curriculum Planning-- United States</subfield>
  </datafield>
  <datafield tag="700" ind1=" " ind2=" ">
    <subfield code="a">Parsons Stephanie</subfield>
    <subfield code="9">29119</subfield>
  </datafield>
  <datafield tag="942" ind1=" " ind2=" ">
    <subfield code="2">lcc</subfield>
    <subfield code="c">BK</subfield>
    <subfield code="n">0</subfield>
  </datafield>
  <datafield tag="952" ind1=" " ind2=" ">
    <subfield code="0">0</subfield>
    <subfield code="1">0</subfield>
    <subfield code="2">lcc</subfield>
    <subfield code="4">0</subfield>
    <subfield code="7">0</subfield>
    <subfield code="8">LGL</subfield>
    <subfield code="a">CHK</subfield>
    <subfield code="b">CHK</subfield>
    <subfield code="c">GEN</subfield>
    <subfield code="d">2025-07-10</subfield>
    <subfield code="e">Donation From Books For Africa</subfield>
    <subfield code="g">2243.31</subfield>
    <subfield code="l">0</subfield>
    <subfield code="o">LB 1529 .C35 2003</subfield>
    <subfield code="p">34370/2026</subfield>
    <subfield code="r">2026-06-15 10:08:33</subfield>
    <subfield code="t">C.7</subfield>
    <subfield code="w">2026-06-15</subfield>
    <subfield code="y">BK</subfield>
  </datafield>
  <datafield tag="952" ind1=" " ind2=" ">
    <subfield code="0">0</subfield>
    <subfield code="1">0</subfield>
    <subfield code="2">lcc</subfield>
    <subfield code="4">0</subfield>
    <subfield code="7">0</subfield>
    <subfield code="8">LGL</subfield>
    <subfield code="a">CHK</subfield>
    <subfield code="b">CHK</subfield>
    <subfield code="c">GEN</subfield>
    <subfield code="d">2025-07-10</subfield>
    <subfield code="e">Donation From Books For Africa</subfield>
    <subfield code="g">2243.31</subfield>
    <subfield code="l">0</subfield>
    <subfield code="o">LB 1529 .C35 2003</subfield>
    <subfield code="p">34371/2026</subfield>
    <subfield code="r">2026-06-15 10:14:29</subfield>
    <subfield code="t">C.8</subfield>
    <subfield code="w">2026-06-15</subfield>
    <subfield code="y">BK</subfield>
  </datafield>
  <datafield tag="952" ind1=" " ind2=" ">
    <subfield code="0">0</subfield>
    <subfield code="1">0</subfield>
    <subfield code="2">lcc</subfield>
    <subfield code="4">0</subfield>
    <subfield code="7">0</subfield>
    <subfield code="8">LGL</subfield>
    <subfield code="a">CHK</subfield>
    <subfield code="b">CHK</subfield>
    <subfield code="c">GEN</subfield>
    <subfield code="d">2025-07-10</subfield>
    <subfield code="e">Donation From Books For Africa</subfield>
    <subfield code="g">2243.31</subfield>
    <subfield code="l">0</subfield>
    <subfield code="o">LB 1529 .C35 2003</subfield>
    <subfield code="p">34372/2026</subfield>
    <subfield code="r">2026-06-15 10:14:29</subfield>
    <subfield code="t">C.9</subfield>
    <subfield code="w">2026-06-15</subfield>
    <subfield code="y">BK</subfield>
  </datafield>
  <datafield tag="952" ind1=" " ind2=" ">
    <subfield code="0">0</subfield>
    <subfield code="1">0</subfield>
    <subfield code="2">lcc</subfield>
    <subfield code="4">0</subfield>
    <subfield code="7">0</subfield>
    <subfield code="8">LGL</subfield>
    <subfield code="a">CHK</subfield>
    <subfield code="b">CHK</subfield>
    <subfield code="c">GEN</subfield>
    <subfield code="d">2025-07-10</subfield>
    <subfield code="e">Donation From Books For Africa</subfield>
    <subfield code="g">2243.31</subfield>
    <subfield code="l">0</subfield>
    <subfield code="o">LB 1529 .C35 2003</subfield>
    <subfield code="p">34373/2026</subfield>
    <subfield code="r">2026-06-15 10:14:29</subfield>
    <subfield code="t">C.12</subfield>
    <subfield code="w">2026-06-15</subfield>
    <subfield code="y">BK</subfield>
  </datafield>
  <datafield tag="952" ind1=" " ind2=" ">
    <subfield code="0">0</subfield>
    <subfield code="1">0</subfield>
    <subfield code="2">lcc</subfield>
    <subfield code="4">0</subfield>
    <subfield code="7">0</subfield>
    <subfield code="8">LGL</subfield>
    <subfield code="a">CHK</subfield>
    <subfield code="b">CHK</subfield>
    <subfield code="c">GEN</subfield>
    <subfield code="d">2025-07-10</subfield>
    <subfield code="e">Donation From Books For Africa</subfield>
    <subfield code="g">2243.31</subfield>
    <subfield code="l">0</subfield>
    <subfield code="o">LB 1529 .C35 2003</subfield>
    <subfield code="p">34374/2026</subfield>
    <subfield code="r">2026-06-15 10:14:29</subfield>
    <subfield code="t">C.4</subfield>
    <subfield code="w">2026-06-15</subfield>
    <subfield code="y">BK</subfield>
  </datafield>
  <datafield tag="952" ind1=" " ind2=" ">
    <subfield code="0">0</subfield>
    <subfield code="1">0</subfield>
    <subfield code="2">lcc</subfield>
    <subfield code="4">0</subfield>
    <subfield code="7">0</subfield>
    <subfield code="8">LGL</subfield>
    <subfield code="a">CHK</subfield>
    <subfield code="b">CHK</subfield>
    <subfield code="c">GEN</subfield>
    <subfield code="d">2025-07-10</subfield>
    <subfield code="e">Donation From Books For Africa</subfield>
    <subfield code="g">2243.31</subfield>
    <subfield code="l">0</subfield>
    <subfield code="o">LB 1529 .C35 2003</subfield>
    <subfield code="p">34375/2026</subfield>
    <subfield code="r">2026-06-15 10:14:29</subfield>
    <subfield code="t">C.5</subfield>
    <subfield code="w">2026-06-15</subfield>
    <subfield code="y">BK</subfield>
  </datafield>
  <datafield tag="952" ind1=" " ind2=" ">
    <subfield code="0">0</subfield>
    <subfield code="1">0</subfield>
    <subfield code="2">lcc</subfield>
    <subfield code="4">0</subfield>
    <subfield code="7">0</subfield>
    <subfield code="8">LGL</subfield>
    <subfield code="a">CHK</subfield>
    <subfield code="b">CHK</subfield>
    <subfield code="c">GEN</subfield>
    <subfield code="d">2025-07-10</subfield>
    <subfield code="e">Donation From Books For Africa</subfield>
    <subfield code="g">2243.31</subfield>
    <subfield code="l">0</subfield>
    <subfield code="o">LB 1529 .C35 2003</subfield>
    <subfield code="p">34376/2026</subfield>
    <subfield code="r">2026-06-15 10:14:29</subfield>
    <subfield code="t">C.6</subfield>
    <subfield code="w">2026-06-15</subfield>
    <subfield code="y">BK</subfield>
  </datafield>
  <datafield tag="952" ind1=" " ind2=" ">
    <subfield code="0">0</subfield>
    <subfield code="1">0</subfield>
    <subfield code="2">lcc</subfield>
    <subfield code="4">0</subfield>
    <subfield code="7">0</subfield>
    <subfield code="8">LGL</subfield>
    <subfield code="a">CHK</subfield>
    <subfield code="b">CHK</subfield>
    <subfield code="c">GEN</subfield>
    <subfield code="d">2025-07-10</subfield>
    <subfield code="e">Donation From Books For Africa</subfield>
    <subfield code="g">2243.31</subfield>
    <subfield code="l">0</subfield>
    <subfield code="o">LB 1529 .C35 2003</subfield>
    <subfield code="p">34377/2026</subfield>
    <subfield code="r">2026-06-15 10:14:29</subfield>
    <subfield code="t">C.10</subfield>
    <subfield code="w">2026-06-15</subfield>
    <subfield code="y">BK</subfield>
  </datafield>
  <datafield tag="952" ind1=" " ind2=" ">
    <subfield code="0">0</subfield>
    <subfield code="1">0</subfield>
    <subfield code="2">lcc</subfield>
    <subfield code="4">0</subfield>
    <subfield code="7">0</subfield>
    <subfield code="8">LGL</subfield>
    <subfield code="a">CHK</subfield>
    <subfield code="b">CHK</subfield>
    <subfield code="c">GEN</subfield>
    <subfield code="d">2025-07-10</subfield>
    <subfield code="e">Donation From Books For Africa</subfield>
    <subfield code="g">2243.31</subfield>
    <subfield code="l">0</subfield>
    <subfield code="o">LB 1529 .C35 2003</subfield>
    <subfield code="p">34378/2026</subfield>
    <subfield code="r">2026-06-15 10:14:29</subfield>
    <subfield code="t">C.11</subfield>
    <subfield code="w">2026-06-15</subfield>
    <subfield code="y">BK</subfield>
  </datafield>
  <datafield tag="999" ind1=" " ind2=" ">
    <subfield code="c">24246</subfield>
    <subfield code="d">24246</subfield>
  </datafield>
</record>
